| 000 | 00358nam a2200145Ia 4500 | ||
|---|---|---|---|
| 008 | 230917s9999||||xx |||||||||||||| ||und|| | ||
| 040 |
_e98615 _aMAIN |
||
| 041 | _aEnglish | ||
| 082 | _a709.54 R212B | ||
| 100 | _aRay, Nihar Ranjan | ||
| 245 | 0 | _aBharatiya kala ke ayam | |
| 260 |
_aNew Delhi _bPurvoday Prakashan _c1984 |
||
| 300 | _a212 p. | ||
| 942 | _cBK | ||
| 999 |
_c113956 _d113956 |
||